Búcsújáró Kalauz a Selmecbányai Kálváriához

Salvato in:
Dettagli Bibliografici
Autore principale: Vošková, Katarína, 1966- (Autore)
Natura: Libro
Pubblicazione: Banská Štiavnica : Spolok Banskej Štiavnice´91, 2010
Soggetti:
Tags: Aggiungi Tag
Nessun Tag, puoi essere il primo ad aggiungerne!!

MARC

LEADER 00000nam a22000003a 4500
001 stu201910
005 20220113102339.1
008 100331s2010----------------------------d
020 |a 978-80-970219-1-7 
040 |a STU  |b slo 
100 1 |a Vošková, Katarína,  |d 1966-  |4 aut  |u A3130  |9 100  |U FAD Fakulta architektúry  |T FA Ústav dejín a teórie architektúry a obnovy pamiatok  |X 38058  |U A3130  |Y 394  |7 A000038058 
245 1 |a Búcsújáró Kalauz a Selmecbányai Kálváriához 
260 |a Banská Štiavnica :  |b Spolok Banskej Štiavnice´91,  |c 2010 
300 |a 60 s 
650 7 |a Kalvária  |2 stusub 
650 7 |a Banská Štiavnica  |2 stusub 
650 7 |a architektúra sakrálna  |2 stusub 
996 |b 284AU04462  |c A*6969 U  |l AAKNAR  |s A  |a 24  |w stu201910_0001